Coherent states (Record no. 11308)

MARC details
000 -LEADER
fixed length control field 01018nam a2200241Ia 4500
003 - CONTROL NUMBER IDENTIFIER
control field IN-BaIIA
008 - FIXED-LENGTH DATA ELEMENTS--GENERAL INFORMATION
fixed length control field 211028s9999 xx 000 0 eng d
020 ## - INTERNATIONAL STANDARD BOOK NUMBER
International Standard Book Number 981-02-1792-7
040 ## - CATALOGING SOURCE
Transcribing agency IIA Library
080 ## - UNIVERSAL DECIMAL CLASSIFICATION NUMBER
Universal Decimal Classification number 530.145(082.1)
Item number COH
111 ## - MAIN ENTRY--MEETING NAME
Meeting name or jurisdiction name as entry element International Symposium on Coherent States, Past, Present and Future
Location of meeting Oak Ridge National Laboratory, Tennessee
Date of meeting or treaty signing 1993 June 14-17
9 (RLIN) 19399
245 #0 - TITLE STATEMENT
Title Coherent states
Remainder of title proceedings of the international Symposium on coherent states, past, present and future, held in Oak Ridge National Laboratory, Tennessee, USA, 14-17 June1993
Statement of responsibility, etc. edited by D H Feng, J R Klauder and M R Strayer
260 ## - PUBLICATION, DISTRIBUTION, ETC.
Place of publication, distribution, etc. Singapore
Name of publisher, distributor, etc. World Scientific
Date of publication, distribution, etc. 1994
300 ## - PHYSICAL DESCRIPTION
Extent [various pagings.]
650 ## - SUBJECT ADDED ENTRY--TOPICAL TERM
Topical term or geographic name entry element Astronomy and Astrophysics thesaurus
650 ## - SUBJECT ADDED ENTRY--TOPICAL TERM
Topical term or geographic name entry element Coherent states
9 (RLIN) 19400
650 ## - SUBJECT ADDED ENTRY--TOPICAL TERM
Topical term or geographic name entry element Quantum field theory
9 (RLIN) 6197
650 ## - SUBJECT ADDED ENTRY--TOPICAL TERM
Topical term or geographic name entry element Wave Mechanics
9 (RLIN) 1560
700 ## - ADDED ENTRY--PERSONAL NAME
Personal name Feng, D. H., ed.
9 (RLIN) 19401
700 ## - ADDED ENTRY--PERSONAL NAME
Personal name Klauder, J. R.,ed.
9 (RLIN) 19402
700 ## - ADDED ENTRY--PERSONAL NAME
Personal name Strayer, M. R., ed.
9 (RLIN) 19403
942 ## - ADDED ENTRY ELEMENTS (KOHA)
Koha item type Books
Holdings
Withdrawn status Lost status Damaged status Not for loan Home library Current library Shelving location Date acquired Total Checkouts Full call number Barcode Date last seen Date last checked out Price effective from Koha item type
        IIA Library-Bangalore IIA Library-Bangalore General Stacks 20/03/1995 2 530.145(082.1)/ COH 12223 30/03/2022 30/12/2021 20/03/1995 Books

Powered by Koha